Gaming Quiz

Random Gaming or Numbers Quiz
Score 0/20 Timer 03:00
0 Plays Today
The Number Of... Number % Correct
Different eras Crono's team must explore (not End of Time)6
93.6%
Inhabitants of the End of Time2
91%
Entrants in the Millenial Fair race4
90.4%
Gallant time-traveling adventurers destined to save the world7
88.3%
Colored Gemstones that grant the ability to master Triple Techs5
84.4%
Different successful story endings12
82.9%
Time-travellers a gate can 'theoretically' sustain3
79.6%
Individual Techs any one time-traveller can learn8
78.5%
'My name is Gato [...] Beat me up and earn _____ Silver Points.'15
77.8%
Pillars of light upstairs at the End of Time9
77.8%
The Number Of... Number % Correct
Lines ascribed to Crono1
75.4%
Magic Points Crono requires to cast Luminaire20
68.3%
Years Frog has been... well... a frog10
64.3%
Years in Crono's age at the time of the story's events17
62%
Years Crono's time preceded the Day of Lavos999
61.9%
'You'll have to defeat all _____ of the beasts in Magus's castle'100
59.9%
Generations of Yakra impersonating the Chancellor, apparently13
58.4%
Villages located on the Sun Keep island0
56.4%
King Guardias preceding Princess Nadia's father, apparently32
33.2%
Lab Designation separating Arris Dome and Bangor Dome16
32.9%
Remove Ads.
Support Sporcle.
Get the best of Sporcle when you Go Orange. This ad-free experience offers more features, more stats, and more fun while also helping to support Sporcle. Thank you for becoming a member.

You're not logged in!

Compare scores with friends on all Sporcle quizzes.
OR
Log In

Show Comments

Extras

Top Quizzes Today


Score Distribution

Your Account Isn't Verified!

In order to create a playlist on Sporcle, you need to verify the email address you used during registration. Go to your Sporcle Settings to finish the process.

Report this User

Report this user for behavior that violates our Community Guidelines.

Details: